Guia d'orientació per a les famílies : exposició sobre els riscos de les drogues i com prevenir-ne el consum exposició sobre els riscos de les drogues i com prevenir-ne el consum
Descripción Física:
15 p. ; il. col. ; 15 x 21 cm
Materias:
Drogoaddicció -- Prevenció
Idioma:
Catalán
MARC
| LEADER | 00000nam a22000007a 4500 | ||
|---|---|---|---|
| 001 | 25068 | ||
| 008 | 211129b spa||||| |||| 00| 0 cat d | ||
| 080 | |a FU-67-110 | ||
| 245 | |a Guia d'orientació per a les famílies : |b exposició sobre els riscos de les drogues i com prevenir-ne el consum | ||
| 260 | |a Barcelona : |b Diputació de Barcelona. Àrea d'Atenció a les persones ; |c 2018 | ||
| 300 | |a 15 p. ; |b il. col. ; |c 15 x 21 cm | ||
| 650 | 0 | |a Drogoaddicció |x Prevenció |9 49573 | |
| 710 | |a Barcelona (Catalunya : Província). |b Àrea d'Atenció a les Persones |9 52421 | ||
| 942 | |2 udc |c ARXIU |n 1 | ||
| 952 | |0 0 |1 0 |2 udc |4 0 |6 FU67110 |7 1 |9 60883 |a Arxiu |b Arxiu |d 2021-11-29 |l 0 |o FU-67-110 |p 25068 |r 2021-11-29 00:00:00 |w 2021-11-29 |y ARXIU | ||
| 999 | |c 81009 |d 81009 | ||